Rozhodne profesionalita služieb Istrobanka po šiestich rokoch na medzibankovom trhu

Náčrt vývoja Istrobanky od začiatku jej pôsobenia v roku 1992 po súčasnosť. Zisk Istrobanky v roku 1997 a v treťom štvrťroku 1998. Bankové služby ponúkané Istrobankou. Novinky medzi bežnými účtami a depozitnými certifikátmi. Elektronické bankovníctvo v réžii Istrobanky.

Gespeichert in:
Bibliographische Detailangaben
1. Verfasser: Bukovská, Edita
Format: Buchkapitel
Sprache:Slowakisch
Schlagworte:
Tags: Tag hinzufügen
Keine Tags, Fügen Sie das erste Tag hinzu!

MARC

LEADER 00000naa a2200000 4500
001 r033409
005 20230824095734.1
041 0 |a slo 
044 |a SK 
245 1 0 |a Rozhodne profesionalita služieb  |b Istrobanka po šiestich rokoch na medzibankovom trhu  |c Edita Bukovská 
520 |a Náčrt vývoja Istrobanky od začiatku jej pôsobenia v roku 1992 po súčasnosť. Zisk Istrobanky v roku 1997 a v treťom štvrťroku 1998. Bankové služby ponúkané Istrobankou. Novinky medzi bežnými účtami a depozitnými certifikátmi. Elektronické bankovníctvo v réžii Istrobanky. 
610 2 0 |a Istrobanka, a.s. Bratislava 
610 2 0 |a služby bankové 
610 2 0 |a zisk 
610 2 0 |a účty bežné 
610 2 0 |a certifikáty depozitné 
610 2 0 |a bankovníctvo elektronické 
610 2 0 |a podnikatelia 
610 2 0 |a Slovensko 
610 2 0 |a 1992-1998 
100 1 |a Bukovská, Edita